Material and energy balances for engineers and environmentalists (Record no. 29824)

000 -LEADER
fixed length control field 00732nam a22002417a 4500
001 - CONTROL NUMBER
control field 29824
003 - CONTROL NUMBER IDENTIFIER
control field BD-DhUET
008 - FIXED-LENGTH DATA ELEMENTS--GENERAL INFORMATION
fixed length control field 091106s2009 enka b 001 0 eng d
020 ## - INTERNATIONAL STANDARD BOOK NUMBER
International Standard Book Number 9781848163683
020 ## - INTERNATIONAL STANDARD BOOK NUMBER
International Standard Book Number 1848163681
040 ## - CATALOGING SOURCE
Original cataloging agency SISPL
Transcribing agency SISPL
Modifying agency BD-DhUET
082 04 - DEWEY DECIMAL CLASSIFICATION NUMBER
Classification number 660.25
Item number OLO/2009
100 ## - MAIN ENTRY--PERSONAL NAME
Personal name Oloman, Colin
245 10 - TITLE STATEMENT
Title Material and energy balances for engineers and environmentalists
Statement of responsibility, etc. Colin Oloman.
250 ## - EDITION STATEMENT
Edition statement 1st ed.
260 ## - PUBLICATION, DISTRIBUTION, ETC. (IMPRINT)
Place of publication, distribution, etc. London
Name of publisher, distributor, etc. Imperial College Press
Date of publication, distribution, etc. 2009
300 ## - PHYSICAL DESCRIPTION
Extent xxviii, 268 p.
Other physical details ill.
Dimensions 23 cm.
490 1# - SERIES STATEMENT
Series statement Advances in chemical and process engineering - vol 1
650 #0 - SUBJECT ADDED ENTRY--TOPICAL TERM
Topical term or geographic name as entry element Chemical processes
650 #0 - SUBJECT ADDED ENTRY--TOPICAL TERM
Topical term or geographic name as entry element Chemical engineering
650 #0 - SUBJECT ADDED ENTRY--TOPICAL TERM
Topical term or geographic name as entry element Conservation laws (Physics)
942 ## - ADDED ENTRY ELEMENTS (KOHA)
Koha item type General Book
Holdings
Sublocation or collection (holding branch) Damaged status Date acquired Source of classification or shelving scheme Lost status Not for loan Piece designation (barcode) Shelving location Location (home branch) Koha normalized classification for sorting Withdrawn status Koha date last seen Koha item type Koha full call number Copy number Price effective from
Central Library, BUET 2015-06-18   108559Reading sectionCentral Library, BUET660_250000000000000_OLO_2009 2015-06-18Reading Item660.25/OLO/200912015-06-18